| 000 | 00809ngm a22003010a 4500 | ||
|---|---|---|---|
| 001 | PT15514 | ||
| 003 | AR-LpoUNG | ||
| 005 | 20210202000151.0 | ||
| 007 | vd cvaizq | ||
| 008 | 191001s1979||||ag |||||||||||||||||eng d | ||
| 037 | _c$13.33 | ||
| 040 |
_aAR-LpoUNG _bspa _cAR-LpoUNG _eaacr |
||
| 041 | _aeng | ||
| 044 | _aag | ||
| 082 | 0 | _a940.53 963pro | |
| 245 | 1 | 3 | _aEl proceso de Nüremberg |
| 260 |
_aBuenos Aires : _bBlackman, _c[1979]. |
||
| 300 | _aVHS (90 min.) : byn | ||
| 505 | 0 | _aSubtÃtulos en castellano | |
| 520 | _aDocumental con gran parte de las acusaciones, defensas y veredictos del juicio de 1946. | ||
| 650 | 4 | _aCRIMENES DE GUERRA | |
| 650 | 4 | _aGENOCIDIO | |
| 650 | 4 | _aSANCIONES PENALES | |
| 653 | _aDOCUMENTALES | ||
| 653 | _aVIDEOS | ||
| 905 | _a15514 | ||
| 942 | _cVIDEO | ||
| 999 |
_c54246 _d54246 |
||